| 000 | 01262cam a22002774a 4500 | ||
|---|---|---|---|
| 999 |
_c328804 _d328804 |
||
| 001 | 14074489 | ||
| 003 | Nust | ||
| 005 | 20170417134014.0 | ||
| 008 | 050815s2005 dcua b 000 0 eng | ||
| 010 | _a 2005023673 | ||
| 020 | _a0309096499 (pbk.) | ||
| 020 | _a0309550068 (pdf) | ||
| 040 |
_aDLC _cDLC _dDLC |
||
| 042 | _apcc | ||
| 043 | _an-us--- | ||
| 050 | 0 | 0 |
_aT73 _b.E37 2005 |
| 082 | 0 | 0 |
_a620.00711 EDU _222 |
| 245 | 0 | 0 |
_aEducating the engineer of 2020 : _badapting engineering education to the new century / _cNational Academy of Engineering of The National Academies. |
| 260 |
_aWashington, DC : _bNational Academies Press, _cc2005. |
||
| 300 |
_axvi, 192 p. : _bill. ; _c23 cm. |
||
| 504 | _aIncludes bibliographical references. | ||
| 650 | 0 |
_aEngineering _xStudy and teaching (Higher) _zUnited States. |
|
| 710 | 2 | _aNational Academy of Engineering. | |
| 856 | 4 | 1 |
_3Table of contents _uhttp://www.loc.gov/catdir/toc/ecip0518/2005023673.html |
| 906 |
_a7 _bcbc _corignew _d1 _eecip _f20 _gy-gencatlg |
||
| 942 |
_2ddc _cBK |
||